000 00683nam a2200277Ia 4500
005 20260324131743.0
008 008 260324s9999 xx 000 0 eng d
020 _a9781315864730
037 _aEBOOK
040 _aCRL
040 _beng
040 _cCRL
041 _2eng
041 _aeng
084 _qCRL
100 _aEdmond J Coleman; Theo Sandfort
_91186698
245 0 _aSexuality and Gender in Postcommunist Eastern Europe and Russia
260 _bTaylor and Francis
260 _c2005
365 _a
365 _b230
856 _uhttp://www.taylorfrancis.com/books/9781315864730
942 _cEBOOK
999 _c1784169
_d1784169